000 00747nam a2200253 a 4500
008
020 _a0826453295 (pbk.)
049 _aMAIN
090 _aLC5225.T4
_bCUR
100 1 _aCurzon, L.B.
245 1 0 _aTeaching in further education :
_ban outline of principles and practice /
_cL.B. Curzon.
250 _a5th ed.
260 _aLondon :
_bContinuum,
_c1997.
300 _ax, 450 p. :
_bill. ;
_c25 cm.
504 _aIncludes bibliographical references.
500 _aIncludes indexes.
650 0 _aTeaching.
650 0 _aUniversities and colleges.
907 _a.b1002511x
_b18-09-12
_c17-04-03
003
005 20230123133531.0
040 _cNUST
942 _cBOOKS
_kLC5225.T4
_mCUR
999 _c150241
_d150241